LEADER 00965nam0-2200337---450- 001 990009780390403321 005 20131024141718.0 010 $a978-0-273-72607-4 035 $a000978039 035 $aFED01000978039 035 $a(Aleph)000978039FED01 035 $a000978039 100 $a20131024d2011----km-y0itay50------ba 101 0 $aeng 102 $aGB 105 $aa-------001yy 200 1 $aIntroduction to research methods in psychology$fDennis Howitt, Duncan Cramer 205 $a3. ed 210 $aHarlow ; New York$cPearson$d2011 215 $aXXII, 450$cill.$d25 cm 610 0 $aPsicologia$aMetodo 676 $a150.72$v22$zita 700 1$aHowitt,$bDennis$0254789 701 1$aCramer,$bDuncan$0495895 801 0$aIT$bUNINA$gREICAT$2UNIMARC 901 $aBK 912 $a990009780390403321 952 $aVI E 1489$b50958$fFSPBC 959 $aFSPBC 996 $aIntroduction to research methods in psychology$9832684 997 $aUNINA LEADER 01219nam2-2200385li-450 001 990000108370203316 005 20180312154759.0 010 $a0-486-64038-8 035 $a0010837 035 $aUSA010010837 035 $a(ALEPH)000010837USA01 035 $a0010837 100 $a20001109d1980----km-y0itay0103----ba 101 0 $aeng 102 $aUS 200 1 $aElectrodynamics and classical theory of fields & particles$fA. O. Barut 210 $aNew York$cDover Publications$dcopyr. 1980 215 $aXV, 235 p.$cill.$d21 cm 225 2 $aDover books on physics and chemistry$v0 410 0$10010010838$12001$aDover books on physics and chemistry 610 1 $aelettrodinamica 610 1 $ateoria dei campi 676 $a5376$9. 700 1$aBarut,$bAsim Orhan$044679 801 $aSistema bibliotecario di Ateneo dell' Università di Salerno$gRICA 912 $a990000108370203316 951 $a537.6 BAR (A)$b0013039 959 $aBK 969 $aSCI 979 $c19910919 979 $c20001110$lUSA01$h1711 979 $c20020403$lUSA01$h1618 979 $aPATRY$b90$c20040406$lUSA01$h1608 996 $aElectrodynamics and classical theory of fields & particles$91487667 997 $aUNISA